Política económica argentina y el M.C.E. (Registro nro. 4615)
[ vista simple ]
| 000 -LEADER | |
|---|---|
| fixed length control field | 01636 a2200193 4500 |
| 001 - CONTROL NUMBER | |
| control field | 48547 |
| 005 - DATE AND TIME OF LATEST TRANSACTION | |
| control field | 20260407155750.0 |
| 008 - FIXED-LENGTH DATA ELEMENTS--GENERAL INFORMATION | |
| fixed length control field | 260407a1969 arg spa d |
| 003 - CONTROL NUMBER IDENTIFIER | |
| control field | AR-UNSa-BCEJYS |
| 040 ## - CATALOGING SOURCE | |
| Original cataloging agency | AR-UNSa-BCEJYS |
| Language of cataloging | spa |
| Transcribing agency | AR-UNSa-BCEJYS |
| 080 ## - UNIVERSAL DECIMAL CLASSIFICATION NUMBER | |
| Universal Decimal Classification number | 338.2(82) |
| Common auxiliary subdivision | Política económica. Control de la economía. Gestión de la economía. Planificación económica en Argentina |
| 100 1# - MAIN ENTRY--PERSONAL NAME | |
| Personal name | Acerbo, Antonio Alberto |
| 245 10 - TITLE STATEMENT | |
| Title | Política económica argentina y el M.C.E. |
| 264 #1 - PRODUCTION, PUBLICATION, DISTRIBUTION, MANUFACTURE, AND COPYRIGHT NOTICE | |
| Place of production, publication, distribution, manufacture | Buenos Aires : |
| Name of producer, publisher, distributor, manufacturer | Plus Ultra |
| Date of production, publication, distribution, manufacture, or copyright notice | 1969 |
| 300 ## - PHYSICAL DESCRIPTION | |
| Extent | 177 p. |
| Dimensions | 20 cm. |
| 505 ## - FORMATTED CONTENTS NOTE | |
| Formatted contents note | 1. Posición económica Argentina y anexos - 2. Posición política económica y social Americana y anexos - 3. Mercado común Europeo - 4. Análisis comparativo de la producción de la República Argentina y su colocación en el mercado Internacional y anexos - 5. Posición Argentina frente al Reino Unido - 6. España en el Mercado Argentino de carnes - 7. El mercado común Europeo como meta de nuestras exportaciones de carne - 8. Crisis en el mercado común Europeo. Posibilidades para la República Argentina. Devaluación de la libra esterlina - 9. Consecuencias sobre el mercado común Europeo y anexos - 10. Posibilidades de la República Argentina frente a Francia - 11. Posición Argentina frente a Italia - 12. Posición Argentina frente a Alemania - 13. Posición Argentina frente a Suiza - 14. Posición Argentina frente al Mercado Común Europeo y Anexos - 15. Política económica. Conclusión - 16. El Reino Unido, economía y política - 17. España, economía y política Y anexos. |
| 590 ## - LOCAL NOTE (RLIN) | |
| Local note | niveau_biblio:m niveau_hierar:0 |
| 942 ## - ADDED ENTRY ELEMENTS (KOHA) | |
| Koha item type | |
| Withdrawn status | Lost status | Damaged status | Not for loan | Home library | Current library | Shelving location | Date acquired | Total checkouts | Full call number | Barcode | Date last seen | Price effective from | Koha item type |
|---|---|---|---|---|---|---|---|---|---|---|---|---|---|
| Biblioteca Prof. Eusebio Cleto del Rey | Biblioteca Prof. Eusebio Cleto del Rey | 07/04/2026 | 338.2(82) A173 | L23774 | 07/04/2026 | 07/04/2026 | Libro | ||||||
| Biblioteca Prof. Eusebio Cleto del Rey | Biblioteca Prof. Eusebio Cleto del Rey | 07/04/2026 | 338.2(82) A173 | L23773 | 07/04/2026 | 07/04/2026 | Libro |